00772nam a2200205 i 4500001000300000245010600003260002100109651003700130651003800167651004100205700003100246040000800277041000800285942000700293008004100300999001700341856009800358952004900456952006100505bg 0aUmowy międzynarodowe o ochronie morza przed zanieczyszczeniem /coprac. i wstęp Andrzej Kowalski. aGdańsk,c1977. 9aMorze Bałtyckiexochronaxprawo 9aMorze Północnexochronaxprawo 9aMorze Śródziemnexochronaxprawo1 aKowalski, Andrzej.eOprac. cBPK apol cKS s pl f |000 0 pol  c17904d17904 uhttp://koha.tu.koszalin.pl/cgi-bin/koha/opac-detail.pl?biblionumber=17904yKatalog online BPK 00104070aBPKbBPKcwo23568p02228198yKS 00104070aBPKbBPKcwo23569p01063073s2013-02-23yKS